Sports Quiz

Random Sports or MLB Quiz

1990s Atlanta Braves Opening Day Lineups Quiz Stats

 Plays Quiz not verified by Sporcle

Score 0/90 Timer 08:00
5 Plays Today
Year Player % Correct
1990Tom Glavine
98.4%
1992Tom Glavine
98.4%
1999Tom Glavine
98.4%
1995Chipper Jones
98.2%
1997Chipper Jones
98.2%
1998Chipper Jones
98.2%
1999Chipper Jones
98.2%
1993Greg Maddux
98.2%
1994Greg Maddux
98.2%
1995Greg Maddux
98.2%
1996Greg Maddux
98.2%
1998Greg Maddux
98.2%
1998Andruw Jones
98%
1999Andruw Jones
98%
1991John Smoltz
97.9%
1997John Smoltz
97.9%
1994Javy Lopez
92.8%
1995Javy Lopez
92.8%
1996Javy Lopez
92.8%
1997Javy Lopez
92.8%
1999Javy Lopez
92.8%
1991David Justice
87.8%
1992David Justice
87.8%
1993David Justice
87.8%
1994David Justice
87.8%
1995David Justice
87.8%
1996David Justice
87.8%
1994Fred McGriff
85.7%
1995Fred McGriff
85.7%
1996Fred McGriff
85.7%
Year Player % Correct
1997Fred McGriff
85.7%
1991Terry Pendleton
82.4%
1992Terry Pendleton
82.4%
1993Terry Pendleton
82.4%
1994Terry Pendleton
82.4%
1990Jeff Blauser
78.6%
1992Jeff Blauser
78.6%
1993Jeff Blauser
78.6%
1994Jeff Blauser
78.6%
1995Jeff Blauser
78.6%
1996Jeff Blauser
78.6%
1997Jeff Blauser
78.6%
1993Mark Lemke
78.4%
1994Mark Lemke
78.4%
1995Mark Lemke
78.4%
1996Mark Lemke
78.4%
1997Mark Lemke
78.4%
1991Ron Gant
74.3%
1992Ron Gant
74.3%
1993Ron Gant
74.3%
1991Sid Bream
70.5%
1992Sid Bream
70.5%
1993Sid Bream
70.5%
1993Otis Nixon
70%
1994Otis Nixon
70%
1999Otis Nixon
70%
1994Ryan Klesko
65.7%
1996Ryan Klesko
65.7%
1997Ryan Klesko
65.7%
1998Ryan Klesko
65.7%
Year Player % Correct
1999Ryan Klesko
65.7%
1995Marquis Grissom
61.5%
1996Marquis Grissom
61.5%
1997Kenny Lofton
61.5%
1998Andres Galarraga
57.4%
1991Deion Sanders
53.4%
1992Deion Sanders
53.4%
1990Dale Murphy
51.1%
1998Eddie Perez
49%
1991Rafael Belliard
47%
1992Rafael Belliard
47%
1992Greg Olson
45.8%
1998Walt Weiss
44.2%
1999Walt Weiss
44.2%
1999Brian Jordan
42.7%
1993Damon Berryhill
41.8%
1999Bret Boone
33.2%
1990Jeff Treadway
28%
1991Jeff Treadway
28%
1997Michael Tucker
24.2%
1998Michael Tucker
24.2%
1995Mike Kelly
17.8%
1991Mike Heath
13.7%
1996Mike Mordecai
13.1%
1990Nick Esasky
12.7%
1998Tony Graffanino
12.5%
1990Jim Presley
11.2%
1990Oddibe McDowell
11.2%
1990Ernie Whitt
10%
1990Tommy Gregg
8.2%

You're not logged in!

Compare scores with friends on all Sporcle quizzes.
OR
Log In

You Might Also Like...

Show Comments

Extras

Top Quizzes Today


Score Distribution

Your Account Isn't Verified!

In order to create a playlist on Sporcle, you need to verify the email address you used during registration. Go to your Sporcle Settings to finish the process.

Report this User

Report this user for behavior that violates our Community Guidelines.

Details: